Indianapolis Colts: Top 10 All-Time Leaders - Statistics

General Stats
  • This quiz has been taken 69 times
  • The average score is 16 of 60
Answer Stats
Category # Player Amount % Correct
Passing Yards 1 Peyton Manning 54,828
100%
Passing Yards 3 Andrew Luck 23,671
92%
Passing Yards 2 Johnny Unitas 39,768
92%
Receiving Yards 1 Marvin Harrison 14,580
92%
Receiving Yards 2 Reggie Wayne 14,345
84%
Rushing Yards 2 Jonathan Taylor 6,249
80%
Rushing Yards 1 Edgerrin James 9,226
73%
Receiving Yards 3 T.Y. Hilton 9,691
67%
Sacks 2 Dwight Freeney 107.5
57%
Sacks 1 Robert Mathis 123.0
55%
Passing Yards 4 Bert Jones 17,663
51%
Receiving Yards 9 Dallas Clark 4,887
51%
Passing Yards 7 Jim Harbaugh 8,705
47%
Tackles 9 Kenny Moore 468
45%
Rushing Yards 6 Lenny Moore 5,174
45%
Receiving Yards 5 Lenny Moore 6,039
45%
Rushing Yards 4 Marshall Faulk 5,320
43%
Rushing Yards 5 Eric Dickerson 5,194
41%
Rushing Yards 8 Joseph Addai 4,453
37%
Sacks 4 Billy Ray Smith 61.0
29%
Passing Yards 9 Jacoby Brissett 6,059
29%
Interceptions T7 Milt Davis 27
29%
Passing Yards 10 Earl Morrall 5,666
27%
Receiving Yards 4 Raymond Berry 9,275
27%
Passing Yards 6 Jeff George 9,551
22%
Receiving Yards 8 John Mackey 5,126
22%
Interceptions 9 Stan White 25
18%
Tackles 5 Antoine Bethea 568
16%
Sacks T5 Gino Marchetti 56.0
12%
Tackles 7 Gary Brackett 526
10%
Rushing Yards 9 Alan Ameche 4,045
8%
Receiving Yards 7 Bill Brooks 5,818
8%
Interceptions 1 Bobby Boyd 57
8%
Tackles 3 Eugene Daniel 720
8%
Interceptions 3 Eugene Daniel 35
8%
Rushing Yards 3 Lydell Mitchell 5,487
8%
Sacks 7 Fred Miller 52.0
6%
Passing Yards 5 Jack Trudeau 9,647
6%
Rushing Yards 7 Tom Matte 4,646
6%
Interceptions 5 Andy Nelson 32
4%
Sacks T5 Fred Cook 56.0
4%
Passing Yards 8 Mike Pagel 7,474
4%
Tackles 8 Mike Prior 513
4%
Interceptions T7 Mike Prior 27
4%
Tackles 10 Quentin Coryatt 441
4%
Rushing Yards 10 Randy McMillan 3,876
4%
Interceptions 10 Bert Rechichar 24
2%
Interceptions 2 Don Shinnick 37
2%
Tackles 1 Duane Bickett 1,052
2%
Sacks 8 Duane Bickett 50.0
2%
Tackles 4 Jason Belser 648
2%
Tackles 2 Jeff Herrod 1,036
2%
Interceptions 4 Jerry Logan 34
2%
Receiving Yards 6 Jimmy Orr 5,859
2%
Sacks 9 John Dutton 46.5
2%
Tackles 6 Jon Hand 537
2%
Sacks 10 Mike Barnes 44.5
2%
Sacks 3 Ordell Braase 80.0
2%
Interceptions 6 Rick Volk 31
2%
Receiving Yards 10 Roger Carr 4,770
2%
No matching quizzes found
Score Distribution
Percent of People with Each Score
Percentile by Number Answered
Your Score History
You have not taken this quiz